[Event "Reykjavik op"]
[Site "Reykjavik"]
[Date "2018.03.07"]
[Round "2"]
[White "L'Ami, Erwin"]
[Black "Haria, Ravi"]
[Result "0-1"]
[WhiteElo "2634"]
[BlackElo "2424"]
[Annotator "Fernandez,D"]
[PlyCount "90"]
[EventDate "2018.03.06"]
[EventType "swiss"]
[EventRounds "9"]
[EventCountry "ISL"]
[SourceTitle "CBM 184"]
[Source "ChessBase"]
[SourceDate "2018.05.16"]
[SourceVersion "1"]
[SourceVersionDate "2018.05.16"]
[SourceQuality "1"]

1. d4 e6 2. e4 d5 3. Nc3 dxe4 4. Nxe4 Bd7 5. Nf3 Bc6 {The famous Fort Knox,
which I have tried myself, but with nothing like the results of my younger
compatriot. Though as we shall see, this result had little to do with the
opening.} 6. Bd3 (6. Neg5 {is probably the most critical move.} Nd7 $1 ({After
} 6... Bd6 {even the cavemanesque} 7. Nxf7 {causes problems:} Kxf7 8. Ng5+ Ke8
9. Bc4 Qf6 10. Nxe6 $40) (6... Be7 {is uninspiring:} 7. Bc4 Bd5 8. Bb5+ c6 (
8... Bc6 9. Qe2 $14) 9. Bd3 c5 (9... Bxf3 10. Nxf3 Nf6 11. O-O $14 {Jones,
G-Taylor,A Reading 2016}) 10. dxc5 Nc6 11. c4 Bxf3 12. Nxf3 $14) 7. Bc4 Qe7
$146 {This might be one way to go if I had to play this again.} (7... Bd5 $2 8.
Nxf7 $1 Kxf7 9. Ng5+ Ke8 $2 (9... Qxg5 10. Bxg5 Bxc4 11. b3 Ba6 12. c4 Ngf6 13.
O-O $16) 10. Nxe6 Bxe6 11. Bxe6 {Jones, G-Fernandez,D England 2016, White was
already basically winning.}) 8. O-O O-O-O 9. Re1 h6 10. Ne4 Ngf6 {White might
have a tiny something but Black is out of the danger zone and should not be
too worried.}) 6... Nd7 7. O-O Ngf6 8. Ned2 Be7 9. Nc4 (9. b3 O-O 10. Bb2 b6 {
is more standard but Black is fine here; he can continue with ...Bb7 and try
for ...c5, or else just push the a-pawn straightaway.}) 9... O-O (9... Be4 $5 {
deserves consideration.}) 10. Na5 Bd5 {On a 'culture' level it is a good idea
to drag White's c-pawn forward two squares before giving up the bishop pair.}
11. c4 Bxf3 12. Qxf3 c6 13. Bd2 Qc7 14. b4 Rac8 15. Rad1 b6 (15... Rfd8 16. Bf4
$1 {was the point}) 16. Nb3 Rfd8 17. Rfe1 Ra8 18. c5 {Probably a bit of a
surprise, though White is still better after this.} (18. a4 a6 19. g4 $14 {
suggests itself, and Black must be careful not to run out of oxygen.}) 18...
Nd5 19. Rc1 bxc5 $6 (19... b5 20. a4 a6 $14 {forces White to be extremely
careful about his next few moves, otherwise Black will suddenly manage to
co-ordinate all his forces against the weak d4-pawn.}) 20. dxc5 Bf6 21. Be4 (
21. Qe4 g6 22. b5 $1 $16 {is what my engine screams for; suddenly d5 is no
longer so much of an outpost.}) 21... Ne5 22. Qg3 Qe7 23. Na5 (23. b5 $16)
23... Rac8 24. Re2 Ng6 25. Nc4 Bh4 26. Qf3 Bg5 27. Nd6 Rc7 28. a3 Bxd2 29. Rxd2
Qg5 30. Rcd1 Rb8 31. Bxg6 {It isn't clear to me why White believed so much in
his mating ideas, because there are actually multiple ways to meet them.} (31.
g3 $16) 31... hxg6 32. Nc4 Rd8 33. Rd4 Rcd7 34. Nd6 (34. Na5 Rc7 35. g3 $14)
34... Qf6 35. Qg3 Ra8 (35... a5 $5 $11 {is also possible immediately.}) 36. Rh4
$6 {The first step on the very short road to disaster.} (36. Qh3 $14) 36... g5
$1 {Otherwise mate follows on the h-file!} 37. Rg4 $4 {And this loses a
further half-point!} (37. Rhd4 a5 $11) 37... Nc3 $1 {Just like that, White
loses an exchange and one of the biggest upsets of the tournament thus far has
been pulled off.} 38. Qd3 Nxd1 39. Qxd1 a5 40. h3 axb4 {Having passed move 40,
White was able to repent at leisure.} 41. Rxb4 Qc3 42. Qh5 Qxa3 43. Rc4 Qa1+
44. Kh2 Qe5+ 45. g3 Qd5 {Good tenacity and awareness by the rising young
English talent.} 0-1

[Event "EU-chT (Men) 21st"]
[Site "Heraklion"]
[Date "2017.11.03"]
[Round "6.2"]
[White "Nepomniachtchi, Ian"]
[Black "Duda, Jan Krzysztof"]
[Result "1-0"]
[WhiteElo "2733"]
[BlackElo "2706"]
[Annotator "Fernandez,D"]
[PlyCount "143"]
[EventDate "2017.10.28"]
[EventType "team-swiss"]
[EventRounds "9"]
[EventCountry "GRE"]
[SourceTitle "CBM 182"]
[Source "ChessBase"]
[SourceDate "2018.01.17"]
[SourceVersion "1"]
[SourceVersionDate "2018.01.17"]
[SourceQuality "1"]
[WhiteTeam "Russia"]
[BlackTeam "Poland"]
[WhiteTeamCountry "RUS"]
[BlackTeamCountry "POL"]
[WhiteClock "0:48:53"]
[BlackClock "0:24:45"]

{Now we shall try and 'compensate' for having 'excessively' praised Duda for
two previous games, and criticised Nepomniachtchi for one...} 1. e4 e6 2. d4 d5
3. Nc3 dxe4 4. Nxe4 Bd7 5. Nf3 Bc6 6. Bd3 Nd7 7. O-O Ngf6 8. Ng3 g6 {Chosen by
almost all top players who have reached this position. The rationale is that
White likely wants a queenside fianchetto, and this is best countered by
developing our bishop to the same diagonal.} (8... Be7 {is the most played
move.}) 9. b3 Bg7 10. Ba3 Bf8 11. Bb2 Bg7 12. c4 {Almost universally chosen,
though it seems to not be well understood that c4 in such positions validates
Black's whole construct by weakening the d4 pawn.} (12. b4 $5 b6 (12... O-O $6
13. b5 Bxf3 14. Qxf3 $14 {gives White no trouble at all, since he can choose
not to play c4 if he is afraid of counterplay against d4.}) (12... Nb6 13. b5
Na4 14. bxc6 Nxb2 15. Qb1 Nxd3 16. cxb7 Rb8 17. Qb5+ Qd7 18. Qxd3 Rxb7 19. Ne5
$14) 13. c4 (13. Ne5 $5 Nxe5 (13... Bb7 $1 $11) 14. dxe5 Nd7 15. Qe2 $14 {
Tikkanen,H (2528)-Westerberg,J (2488) Lund 2016}) 13... O-O 14. Bc3 $5 $14 {
Black should still take on f3 at some point, but it can no longer be connected
with re-grouping against the d4-pawn.} (14. a4 a5 $11)) 12... O-O 13. b4 (13.
Qe2 Bxf3 14. Qxf3 c6 15. Rfe1 Qa5 {Huebner,R (2611)-Stojanovic,M (2552)
Switzerland 2015, with good play against the d4-pawn.}) 13... Bxf3 $1 (13... b6
{could again be played, when as above} 14. Bc3 {should be good for White.}) 14.
Qxf3 c6 15. a4 Qc7 {It was necessary to play a little more forcefully, either
now or soon.} (15... Re8 $5 16. Rfe1 (16. Rfd1 Qc7 17. a5 e5 $11) 16... Qc7 17.
Qe2 {White is well advised to stop ...e5, but now comes} a5 18. b5 c5 $132) 16.
a5 a6 $6 (16... Rad8 {calls White's bluff: he actually should not play a6.} 17.
Rfe1 (17. a6 b5 $1 18. cxb5 cxb5 19. Bxb5 Nd5 $11) 17... Rfe8 18. Bc2 e5 $132)
17. Rfe1 Rfe8 18. Qe2 Rad8 19. Rad1 $14 {Now White has a measure of control
over the position, and his opponent is at risk of slowly suffocating to death.}
Re7 20. Bb1 Nf8 {Thematically trying for ...Red7, ...Ne8-d6-f5, as in
Fernandez-Arkell, 4NCL 2014...} 21. Qf3 $1 Ne8 (21... Red7 22. d5 $1 $14 {
is the problem, but the cure turns out to be worse.}) 22. Ne4 Red7 (22... Nd6
23. Nf6+ Kh8 $14 {should maybe have been chosen.}) 23. Nc5 Re7 24. Qe2 Nd7 (
24... Nd6 25. Bc1 $1 $16 {was the intention, simultaneously threatening Bf4
and d5.}) 25. Nb3 Ndf6 26. Bc1 Red7 27. g3 Bf8 28. Bf4 Qc8 29. Bd2 Bg7 30. Bc3
Re7 31. Qf3 Qc7 32. Bd2 Nh5 33. Bg5 Nhf6 34. Nc5 {As we can see, White has
made a modest gain over the last 10 moves while Black has been stuck without
active ideas.} h6 35. Bf4 Qc8 36. h4 Nh7 37. Be5 (37. d5 $1 $16 {deserved
serious consideration.}) 37... Nef6 38. Na4 Qd7 (38... Nd7 39. Bd6 Ree8 40. h5
$16) 39. Nb6 Qe8 40. c5 (40. Bc2 {White could have hurried a little bit less
with something like this.}) 40... Qf8 41. Bd6 {Cashing in.} Rxd6 42. cxd6 Re8
43. b5 axb5 44. a6 Nd5 $2 $18 (44... Qxd6 45. a7 Qc7 46. a8=Q Rxa8 47. Nxa8 Qa5
{was practically the best chance, but after} 48. Bxg6 fxg6 49. Ra1 $16 {
the outcome is not in much doubt.}) 45. Nxd5 cxd5 46. d7 Rd8 47. axb7 Nf6 48.
h5 Qd6 49. hxg6 Qxd7 50. gxf7+ Kxf7 51. Qd3 Rb8 52. Qg6+ Kf8 53. Bd3 Rxb7 54.
Ra1 Qf7 55. Ra8+ Ke7 56. Ra6 Qxg6 57. Bxg6 Ne4 58. Bxe4 dxe4 59. Rxe4 Kf7 60.
Rexe6 Bxd4 61. Red6 Bc5 62. Rxh6 Bd4 63. Rad6 Kg7 64. Rh5 Bc3 65. Rhd5 b4 66.
Rd7+ Rxd7 67. Rxd7+ Kf6 68. Rd3 Ke5 69. Kf1 Bd4 70. Ke2 Kd5 71. Kd2 Kc4 72.
Rxd4+ {A great display of how to play against the small centre!} 1-0

[Event "ASEAN GM 2nd"]
[Site "Bangkok"]
[Date "2004.07.25"]
[Round "6"]
[White "Nguyen, Anh Dung"]
[Black "Aung, Aung"]
[Result "1-0"]
[WhiteElo "2561"]
[BlackElo "2498"]
[Annotator "Finkel,A"]
[PlyCount "125"]
[EventDate "2004.07.22"]
[EventType "tourn"]
[EventRounds "10"]
[EventCountry "THA"]
[EventCategory "12"]
[SourceTitle "CBM 103"]
[Source "ChessBase"]
[SourceDate "2004.11.11"]
[SourceVersion "1"]
[SourceVersionDate "2004.11.11"]
[SourceQuality "1"]

1. e4 e6 2. d4 d5 3. Nd2 dxe4 4. Nxe4 Bd7 5. Nf3 Bc6 6. Bd3 Nd7 7. O-O Ngf6 8.
Ng3 (8. Neg5) 8... Be7 9. Qe2 $6 {This careless move is just a loss of a tempo,
since black is forced to take on f3 at some point anyway. However the loss of
a tempo is of minor importnace, since black can't make a use of it.} (9. c4
Bxf3 10. Qxf3 c6 11. b3 O-O 12. Bb2 Re8 13. h4 (13. Rfe1 Nf8 14. h4 $5 Qc7 15.
Rac1 Ng6 $5 16. h5 Nh4 17. Qe3 Bd6 $1 {Shirov,A-Huebner,R/Munich 1993}) 13...
Qa5 (13... g6 14. h5 Qa5 15. hxg6 hxg6 16. a3 Qg5 17. Rfe1 Rad8 18. Rad1 $14 {
Ivanchuk,V-Epishin,V/Tilburg 1992}) 14. a3 Rad8 15. Rfe1 Qb6 16. Re3 Nf8 17.
Rae1 Rd7 18. b4 a5 19. d5 $1 $14 {Krasenkow,M-Lyrberg,P/Aalborg 1995}) (9. b3
O-O 10. Bb2 a5 (10... b5) 11. c4 a4 12. Ne5 $14) 9... Bxf3 10. Qxf3 c6 11. b3
O-O (11... a5 $5 12. Bb2 a4 13. c4 O-O $13 {[%csl Rb3][%cal Gd8b6]}) 12. Bb2
Re8 13. c4 Nf8 14. Rad1 Qc7 15. Ne2 {Another possibility was to play Ne4
trading the knights, however it's better to keep as many pieces as possible on
the board.} (15. h4 Ng6 16. h5 Nf4 17. Bc2 $14) 15... Rad8 16. g3 Qa5 17. a3
Qh5 18. Qg2 $6 {After Ng6 it's hardly possible for white to prevent e5, so it
was better to trade the queens keeping small positional plus.} (18. Qxh5 Nxh5
19. g4 Nf6 20. g5 N6d7 21. f4 $14) 18... Ng6 19. Rfe1 Rd7 $6 {Black doesn't
take the chance to seize the initiative with 19...e5!} (19... e5 $1 20. dxe5 (
20. h3 exd4 21. f4 c5 22. g4 Qh4 $15) 20... Nxe5 21. Bxe5 (21. Nf4 Nf3+ 22. Kh1
Nxe1 $19) 21... Qxe5 22. b4 a5 $15 {[%csl Rb4]}) 20. h3 Red8 21. Bc2 $14 Qa5 (
21... c5) 22. b4 Qc7 23. Ba4 Qb6 24. Qf3 Qa6 $6 {[%csl Ra6]} 25. Bb3 b5 $6 {
Getting the control over d5, but creating to himself a wekness on c6, which
proves to be far more important.} 26. Rc1 Qb7 (26... bxc4 27. Rxc4 Nd5 28. Rec1
Rd6 29. Nc3 Nxc3 30. R1xc3 $14) 27. h4 Nf8 28. Nf4 bxc4 29. Rxc4 {[%csl Rc6]
All white has to do is to attack a pawn on c6.} a5 30. Nd3 axb4 31. axb4 Nd5 $6
(31... Rc7 32. Ba4 Nd5 33. Rec1 Nxb4 34. Nxb4 Bxb4 35. Bxc6 Qb8 36. d5 $36) 32.
Rec1 (32. Ne5 Bxb4 33. Rec1 Rc7 34. Nxc6 Rdc8 $11) 32... Bxb4 (32... Nxb4 33.
Ne5 Bd6 34. Nxd7 Nxd7 35. Ba3 Nb8 36. Bxb4 Bxb4 37. Bc2 Be7 38. Be4 $16) 33.
Ba4 $18 {[%csl Rb4] Winning an exchange.} Rc7 34. Bxc6 Rxc6 35. Rxc6 Bd6 36.
Qe2 h6 37. R6c2 Nh7 38. Nc5 Qe7 39. Ne4 Nhf6 40. Nxf6+ Qxf6 41. Rc8 {Going for
an easily winning endgame.} Rxc8 42. Rxc8+ Kh7 43. Qd3+ Qg6 44. Qxg6+ Kxg6 45.
Kg2 h5 46. Kf3 Kf5 47. Ra8 f6 {It would be better to refrain from moving the
pawns, but it could just prolong the agony.} 48. Ba3 Bc7 49. Bc5 g6 50. Ra6 e5
51. dxe5 Bxe5 52. Ra4 g5 53. Bd4 Bc7 54. Rc4 gxh4 55. gxh4 Bd6 56. Rc8 Be7 57.
Bc5 Kg6 58. Ke4 Bxc5 59. Rxc5 Ne7 60. f4 Ng8 61. f5+ Kf7 62. Kd5 Nh6 63. Rc7+
1-0

[Event "ISR-ch"]
[Site "Ramat Aviv/Modiin"]
[Date "2000.12.25"]
[Round "9"]
[White "Bar, Roman"]
[Black "Finkel, Alexander"]
[Result "1/2-1/2"]
[WhiteElo "2380"]
[BlackElo "2467"]
[Annotator "Finkel,A"]
[PlyCount "49"]
[EventDate "2000.12.17"]
[EventType "tourn"]
[EventRounds "11"]
[EventCountry "ISR"]
[EventCategory "11"]
[SourceTitle "CBM 081"]
[Source "ChessBase"]
[SourceDate "2001.03.20"]
[SourceVersion "1"]
[SourceVersionDate "2001.03.20"]
[SourceQuality "1"]

{[%mdl 2080]} 1. e4 e6 2. d4 d5 3. Nc3 dxe4 4. Nxe4 Nd7 5. Nf3 Ngf6 6. Nxf6+
Nxf6 7. Bg5 h6 8. Bh4 c5 9. Bb5+ (9. Bc4) 9... Bd7 10. Bxd7+ Qxd7 11. Qe2 (11.
Bxf6 gxf6 12. Qe2 cxd4 13. O-O-O Bc5 $1) 11... cxd4 (11... Be7 12. O-O-O (12.
O-O cxd4 13. Rad1 O-O 14. Nxd4 Qa4 15. a3 Rfd8 $11 {Lau,R-Vaganian,R/BL9394}) (
12. dxc5 O-O 13. O-O Bxc5 14. Rad1 Qc7 15. Ne5 Rfd8 16. Bxf6 gxf6 17. Ng4 Kg7
$11 {Chandler,M-King,D/London WFW 1990}) 12... O-O (12... Qa4 13. Kb1 g5 14.
Bg3 g4 15. Ne5 cxd4 $13) 13. dxc5 (13. g4 Nd5 14. Bxe7 Qxe7 15. Kb1 b5 16. dxc5
Qxc5 17. Ne5 $11 {Chandler,M-Vaganian,R/BL9596}) 13... Qa4 (13... Qc6 14. Ne5 (
14. Kb1 Rfd8 $10 15. Rhe1 Qxc5 16. Ne5 Rxd1+ 17. Rxd1 Rd8 18. Rxd8+ Bxd8 19.
Nd3 Qc4 $11 {Anand,V-Ivanchuk,V/Linares m 1992}) 14... Qxc5 15. Bxf6 Bxf6 16.
Nd7 Bxb2+ 17. Kxb2 Qb4+ 18. Kc1 Qa3+ 19. Kb1 (19. Kd2 Rfc8 $1 $44) 19... Qb4+
20. Kc1 Qa3+ {1/2-1/2 Kindermann,S-Psakhis,L/Baden Baden 1992}) 14. Kb1 Rac8 (
14... Rfd8 15. a3 Bxc5 16. Bxf6 gxf6 17. Nd2 Be7 18. Nb3 f5 19. f3 Rxd1+ 20.
Rxd1 Rd8 21. Rxd8+ Bxd8 $11 {Benjamin,J-Psakhis,L/New York Reshevsky 1992}) 15.
Rd4 Qa5 16. Ne5 Qxc5 17. Rc4 Qb5 $11 {Mainka,R-Chiburdanidze,M/Lippstadt 1995})
12. O-O-O Be7 $5 ({Another possibility was} 12... Bc5 13. Qe5 Be7 14. Nxd4 Qa4
15. Qb5+ Qxb5 16. Nxb5 O-O 17. Bg3 a6 18. Bd6 Bxd6 19. Nxd6 b5 {1/2-1/2 Ninov,
N-Benkovic,P/28th It 1999}) 13. Rxd4 ({Nothing promises} 13. Nxd4 Qa4 14. Kb1 (
14. Qb5+ Qxb5 15. Nxb5 Nd5 16. Bxe7 (16. Rxd5 Bxh4 17. Rd3 (17. Nc7+ $6 Ke7 18.
Nxa8 exd5 19. Nc7 Kd6 20. Nb5+ Kc5 $17) 17... Ke7 18. g3 Bf6 19. Rhd1 Rhd8 20.
Rxd8 Rxd8 21. Rxd8 Kxd8 22. f4 Kd7 $11) 16... Kxe7 17. Rhe1 Rhd8 18. Nd4 Rac8
$11) 14... O-O 15. Rd3 Rfd8 16. Rhd1 Rd5 $132) 13... Qc6 $1 {Keeping square b5
under control} 14. Rhd1 (14. Ne5 $5 Qxg2 15. Qb5+ Kf8 16. Rhd1 $44) 14... a6 $5
15. Kb1 (15. Ne5 $5 Qxg2 16. Ng4 g5 17. Qe5 Qf3 18. Bg3 $36) 15... Rc8 16. c4
O-O 17. Ne5 $1 {The only chance to fight for the advantage.} Qxg2 $5 {During
the game I thought that this exchange should be in black's favor, but as it
turns out the position is far from being clear.} (17... Qc5 18. Nd7 (18. Bxf6
Bxf6 19. Nd7 Qf5+ 20. R4d3 Rfd8 $11) (18. g4 Rcd8 19. Rxd8 Rxd8 20. Rxd8+ Bxd8
$11) 18... Qf5+ 19. Ka1 Rfe8 20. g4 Qg6 21. Ne5 Qh7 22. f4 $36) 18. Bxf6 Bxf6
19. Rg4 Qxh2 20. Nd7 Bg5 (20... Kh8 $2 21. Nxf6 $1 gxf6 22. Qf3 $1 Qe5 (22...
f5 23. Rg3 Qh4 24. Rh1 Qf6 25. Qf4 Kh7 26. Rgh3 $18) 23. Rh1 $18 {[%csl Rh8]})
21. Nxf8 Kxf8 22. Rgd4 Rc5 {[%csl Rf7][%cal Gc5f5,Gf5f2]} (22... Qc7 $5 {
[%csl Rc4]}) 23. Rd7 Rf5 24. Rxb7 g6 25. Qd3 $1 $36 1/2-1/2

[Event "EU-ch 6th"]
[Site "Warsaw"]
[Date "2005.06.20"]
[Round "3"]
[White "Karjakin, Sergey"]
[Black "Anastasian, Ashot"]
[Result "1-0"]
[WhiteElo "2635"]
[BlackElo "2574"]
[Annotator "Finkel,A"]
[PlyCount "153"]
[EventDate "2005.06.18"]
[EventType "swiss"]
[EventRounds "13"]
[EventCountry "POL"]
[SourceTitle "CBM 108"]
[Source "ChessBase"]
[SourceDate "2005.09.26"]
[SourceVersion "1"]
[SourceVersionDate "2005.09.26"]
[SourceQuality "1"]

1. e4 e6 2. d4 d5 3. Nc3 dxe4 4. Nxe4 Bd7 5. Nf3 Bc6 6. Bd3 Nd7 (6... Be7 7.
O-O Nf6 8. Ng3 Nbd7 9. Ne5 $140 $2 Nxe5 10. dxe5 Qd5 11. f3 Qxe5 $17) 7. O-O
Be7 8. Qe2 Ngf6 9. Ng3 O-O {A dubious continuation passing the initiative into
white's hands getting nothing in return.} (9... Bxf3 $5 10. Qxf3 c6 {is
considered to be the main line.}) 10. Ne5 Nxe5 11. dxe5 Nd7 (11... Qd5 12. f4 (
12. f3 Nd7 13. f4 Nc5 $11 {Fernandes,J-Cardoso,C/BRA 1999}) 12... Ng4 (12...
Nd7 13. Rd1 Qa5 14. c3 Ba4 15. Re1 (15. b3 $5 Bxb3 16. Bxh7+ Kxh7 17. Rxd7 Bc5+
18. Kh1 Ba4 (18... Bd5) 19. Ne4 Bxd7 20. Qh5+ Kg8 21. Ng5 Rfc8 22. Qxf7+ Kh8
23. Qh5+ Kg8 24. Qh7+ Kf8 25. Qh8+ Ke7 26. Qxg7+ Ke8 27. f5 $18) 15... Rfd8 16.
Kh1 Nf8 17. Be3 c5 18. Be4 $36 {Adams,M-Kortschnoj,V/Enghien les Bains 2003})
13. Kh1 Nh6 14. Bd2 Rad8 15. Bc3 a6 16. Rad1 Qc5 17. Ne4 Qb6 18. Nf6+ Bxf6 19.
exf6 $14 {Berndt,S-Bonacic,N/Germany 1989}) 12. Kh1 {Intending to play f4
later on, however it's hardly a dangerous plan for black. More logical is} (12.
Rd1 {with comfortable advantage.} Qc8 13. c4 a5 14. Bc2 a4 15. Bf4 Rd8 16. Ne4
$14 {Kovacs,L-Merlini,D/corr 1998/MegaCorr2} (16. h4 Nf8 17. h5 Rxd1+ 18. Rxd1
Qe8 19. h6 g6 20. Ne4 Bxe4 21. Qxe4 c6 22. Qd4 $14 {Bashkov,V-Bus,M/Polanica
Zdroj 1995})) 12... Qe8 (12... Nc5 13. Rd1 (13. Bc4 $6 Qd4 14. f4 (14. c3 Qh4)
14... Ne4 15. Nxe4 Qxe4 16. Be3 Qg6 $11) 13... Nxd3 14. Rxd3 Qe8 15. Nh5 Kh8
16. Rh3 Rd8 17. Bf4 $14) 13. c3 Rd8 14. f4 $6 {Underestimating black's
counterplay, which proves to be pretty strong.} f5 $1 15. exf6 Nxf6 $1 $44 (
15... Bxf6 16. Be3 e5 17. Qc2 h6 18. f5 Nb6 19. Be4 Nc4 20. Bc5 Rf7 21. Rad1
$14) 16. Qxe6+ Kh8 17. Bc4 b5 18. Bb3 Bc5 {[%cal Gf6g4,Gg4f2] Black pieces are
perfectly placed, so white is the one who should be thinking about an
equalizing.} (18... Bd6 $5) 19. f5 Rd3 20. Qxe8 (20. Bf4 Ng4 21. Qxe8 Rxe8 22.
h3 $2 Ne3 23. Bxe3 Rexe3 $19 {[%csl Rh1][%cal Ge3h3]}) 20... Rxe8 21. Bg5 Ng4
$1 ({White manages to keep the balance after} 21... Rxg3 $5 22. hxg3 Re2 23.
Rf3 (23. Rg1 Bxg1 24. Rxg1 Rxb2 25. Rd1 h6 26. Rd8+ Kh7 27. Bxf6 gxf6 28. Bd5
Bxd5 29. Rd7+ Kg8 30. Rxd5 h5 $15) 23... Ne4 24. Bf4 Nf2+ 25. Kh2 Bxf3 26. gxf3
h5 27. Kg2 Nd3+ 28. Kh3 Nxf4+ 29. gxf4 $11) 22. f6 gxf6 $6 {Inaccuracy hrwoing
away black's advantage. After correct} (22... Rxg3 $1 23. hxg3 Re2 24. fxg7+
Kxg7 25. Rg1 a5 $17 {white's defensive task would've been very difficult.}) 23.
Rxf6 Rd6 (23... Bd5 24. Rf5 Nf2+ 25. Kg1 Ne4+ 26. Kh1 $11) 24. Rxd6 Bxd6 (24...
cxd6 25. h3 $16) 25. Rf1 h6 (25... Bxg3 $5 26. hxg3 Kg7 27. Bd1 Nf2+ 28. Rxf2
Re1+ 29. Kh2 Rxd1 $11) 26. Bd1 hxg5 ({It was safer to play} 26... Nf2+ $5 27.
Rxf2 hxg5 28. Bf3 Re1+ 29. Rf1 Bxg3 30. Rxe1 Bxe1 31. Bxc6 b4 $11 {securing a
draw}) 27. Bxg4 Bd5 (27... Bxg3 28. hxg3 Kg7 29. Rf5 Bd7 30. Rc5 Bxg4 31. Rxg5+
Kf6 32. Rxg4 Re2 33. Rb4 c6 $14) 28. Nf5 Bf4 $6 (28... Bxa2 29. Nxd6 cxd6 30.
h3 Bc4 31. Rd1 d5 32. Kg1 Kg7 $11) 29. a3 $14 Bc4 30. Rd1 Bb3 31. Ra1 Rd8 32.
g3 Rd2 33. Bf3 $1 (33. gxf4 $6 Bd5+ 34. Kg1 Rg2+ 35. Kf1 Rxg4 36. Ne3 Rxf4+ 37.
Kg1 Be6 $11) 33... g4 34. Bc6 Be5 35. Re1 Bf6 36. Ne3 Rxb2 37. Nxg4 Bxc3 38.
Re8+ Kg7 39. Re7+ Kf8 (39... Kg6 40. h4 Kf5 41. Ne3+ Kf6 42. Rxc7 Bd4 $132) 40.
Rxc7 a5 41. Ne3 Be5 $6 (41... b4 $1 $13) 42. Rc8+ Ke7 $2 (42... Kg7 43. Bxb5
Be6 44. Rc5 Bd6 45. Rc6 Bxa3 46. Rxe6 Rxb5 47. Ra6 $14) 43. Re8+ Kd6 44. Bxb5
$18 Rb1+ 45. Kg2 Re1 46. Kf2 Rc1 47. Nf5+ Kd5 48. Rd8+ Ke6 49. Nd4+ Bxd4+ 50.
Rxd4 Rc2+ 51. Kg1 Ke5 52. Rh4 Ra2 53. a4 Bd5 54. Bc4 Ra1+ (54... Rxa4 $2 55.
Rh5+ $18) 55. Kf2 Be4 56. Bb3 Ra3 57. Bd1 Bc6 58. Rh5+ Kd4 59. Rxa5 Ra2+ 60.
Be2 Rxa4 61. Rxa4+ Bxa4 62. Kf3 Ke5 63. Kg4 Kf6 64. Kf4 Bd7 65. Bg4 Bb5 66. Bf5
Kg7 67. g4 Be2 68. g5 Bh5 69. h4 Be8 70. Bg4 Bf7 71. h5 Be8 72. h6+ Kh8 73. Ke5
Bf7 74. Kf6 Be8 75. Be6 (75. g6 $2 Bxg6 $11) 75... Bg6 76. Bf7 Be4 77. Be8 {
[%cal Ge8d7,Gd7f5,Gg5g6]} 1-0